Calendarivm Historicvm Conscriptvm A Pavlo Ebero Kitthingensi Et Recens Ab Eodem Avctvm

Bibliographic Details
Main Author: Eber, Paul, starší, 1511-1569 (Author, Dedicator)
Corporate Author: Rhau, Georg - dedičia (Wittenberg, Nemecko) (Printer)
Other Authors: Stigel, Johann, 1515-1562 (Contributor), Camerarius, Joachim, starší, 1500-1574 (Contributor), Rhau, Georg, dedičia, 16. storočie (Printer)
Format: Book
Language:Latin
PhysicalDescription:[32], 432, [55] s. 8° 16,5 x 10,5 cm
Published: VVitebergae Excvsvm Typis Haeredvm Georgii Rhavv Anno M.D.LXIIII. [=1564]
Subjects:

MARC

LEADER 00000nam a2200000 a 4500
001 vtls011747343
003 SK-MaSNL
005 20260302021415.0
008 240318t1564 gw a 001 0 lat
015 |a SNBHFA1564 
035 |a F28EAC29-1BB0-47B3-AC67-5F47ACE029E5 
035 |a urn:nbn:sk:snk-am3ha85 
035 |a urn:nbn:sk:snk-am00cr83 
040 |a SNKHF  |b slo  |c SNK  |e ACR2 
041 0 |a lat 
044 |a gw  |c DE 
072 7 |a 006.95  |x Chronológia  |2 konspekt 
080 |a 006.95  |2 2011 
100 1 |a Eber, Paul,  |c starší,  |d 1511-1569  |4 aut  |9 127435 
245 1 0 |a Calendarivm Historicvm Conscriptvm A Pavlo Ebero Kitthingensi  |b Et Recens Ab Eodem Avctvm 
260 |a VVitebergae  |b Excvsvm Typis Haeredvm Georgii Rhavv  |c Anno M.D.LXIIII. [=1564] 
300 |a [32], 432, [55] s.  |c 8°  |c 16,5 x 10,5 cm 
500 |a Vinety, iniciálky s ornamentálnym a figurálnym pozadím v rámčeku na 5-6 r., titulný list červeno-čiernou tlačou, v texte historické zápisy v latinčine. 
508 |a Ded.: Eber, Paul; Georg Friedrich - markgróf z Brandenburg-Ansbachu a Bayreuthu; príl. b.: Stigel, Johannes, Camerarius, Joachim st. 
510 4 |a VD 16 E/17 
561 |a Proveniencia: pečiatka Dr. E. Kadarász - ver. not. poz. Margity Zayovej Čís. 1270. - Stanislaus Hulsowskij De Zagorze. - Constat 9 φ [...]. - na s. 128 Stanislaus Hulsowskij de Zagorze organista [...] 22 hora [...] Lithom: 1510.  |5 SNK ID 100126 
562 |a Proveniencia: pečiatka Dr. E. Kadarász - ver. not. poz. Margity Zayovej Čís. 1270. - Stanislaus Hulsowskij De Zagorze. - Constat 9 φ [...]. - na s. 128 Stanislaus Hulsowskij de Zagorze organista [...] 22 hora [...] Lithom: 1510.  |5 SNK ID 100126 
562 |a Na predsádke a za textom rukopisné poznámky a citácie.  |5 SNK ID 100126 
563 |a Väzba: pôvodná, renesančná, žltá koža s ornamentálnou a figurálnou slepotlačou, drevené dosky, spony, nachrbte väzby rukopisný názov diela Kalendarium Hystoricum, rukopisné číslo 1099, modrý štítok s č. 1315.  |5 SNK ID 100126 
650 0 7 |a kalendáre  |2 SNKPH  |9 19075 
700 1 |a Zaiová, Margita,  |d 1868-1937  |4 sgn  |9 186369 
700 1 |a Kadarász, Ernest  |4 oth  |9 302455 
700 1 |a Hułsowski, Stanisław  |4 sgn  |9 665612 
700 1 |a Eber, Paul,  |c starší,  |d 1511-1569  |4 dto  |9 127435 
700 1 |a Georg Friedrich  |b I.,  |c brandenburský markgróf,  |d 1539-1603  |4 hnr  |9 92098 
700 1 |a Stigel, Johann,  |d 1515-1562  |4 ctb  |9 175089 
700 1 |a Camerarius, Joachim,  |c starší,  |d 1500-1574  |4 ctb  |9 126978 
700 1 |a Rhau, Georg,  |c dedičia,  |d 16. storočie  |4 prt  |9 130126 
710 0 |a Rhau, Georg - dedičia (Wittenberg, Nemecko),  |d 1548-1566  |4 prt  |9 173672 
752 |a Nemecko  |d Wittenberg 
852 |a SNK  |b Zaiova knižnica: Zay M 1315/12445  |p ID 100126 
958 |a ONDV 
999 |c 1028813  |d 1030743 
952 |t Zay 1315/12445  |a SNK  |b SNK  |c SNK_HF  |y PREZ  |7 0  |p 17A1300206  |o snkID 100126  |i snk2018/6907  |8 5  |0 0  |1 0  |4 0  |d 2018-03-21  |f 1  |l 0  |r 2026-02-24 13:46:58  |w 2026-02-24